| 000 | 01132nam0a22002651 4500 | ||
|---|---|---|---|
| 001 | rc\427818 | ||
| 005 | 20030616170637.3 | ||
| 035 | _a(NLR Aleph) 005674718 | ||
| 090 |
_a7011544 _c7011544 |
||
| 100 | _a20030616d1987 u |0rusy50 ca | ||
| 101 | 0 | _arus | |
| 102 | _aRU | ||
| 105 | _ay ||||||||| | ||
| 200 | 1 |
_aИмитационное моделирование двухполюсных сетей связи _e[Учеб. пособие] _eДля студентов 5 и 6 курсов фак. АЭС (спец. 0702) _fВ.И. Еремичев, Г.Л. Слепова, С.А. Шумилова _gВсесоюз. заоч. электротехнич. ин-т связи |
|
| 210 |
_aМ. _cВЗЭИС _d1987 |
||
| 215 |
_a39, [1] с. _d20 |
||
| 320 | _aБиблиогр.: с. 31 (6 назв.) | ||
| 700 | 1 |
_aЕремичев _bВ. И. _gВиктор Иванович |
|
| 701 | 1 |
_aСлепова _bГ. Л. _gГалина Лазаревна |
|
| 701 | 1 |
_aШумилова _bС. А. _gСветлана Анатольевна |
|
| 801 | 0 |
_aRU _bNLR _gpsbo |
|
| 801 | 1 |
_aRU _bELAR _2rusmarc |
|
| 852 |
_aNLR _j88-4/4774 |
||
| 942 | _cBOOK | ||
| 980 | _aNB | ||